000 00330nam a22001457a 4500
003 SGT
020 _a938426646-9
082 _a615.1
_bAHI
100 _aAHIRRAO, DR. R.A.
245 _aPHARMACEUTICAL REGULATORY SCIENCE
260 _aINDIA
_bBIRLA PUB.
_c2024
300 _a136
650 _aPHARMACEUTICAL
942 _2ddc
_cBK
999 _c32976
_d32976